Fastfoody: ide to aj bez reklamy

Fastfoodové reštaurácie sa na Slovensku tešia veľkej obľube. Počet návštevníkov značkových sieťových fastfoodov stále narastá, a to i bez toho, že by tieto reťazce nejako výraznejšie komunikovali. Dokonca tvrdia, že stále je na trhu miesto aj pre iné značky.

Gespeichert in:
Bibliographische Detailangaben
1. Verfasser: Prekopová, Petra
Format: Buchkapitel
Sprache:Slowakisch
Schlagworte:
Tags: Tag hinzufügen
Keine Tags, Fügen Sie das erste Tag hinzu!

MARC

LEADER 00000naa$a2200000$$$4500
001 0064399
005 20231127111813.2
041 0 |a slo 
044 |a SK 
245 1 0 |a Fastfoody: ide to aj bez reklamy  |c Petra Prekopová 
520 |a Fastfoodové reštaurácie sa na Slovensku tešia veľkej obľube. Počet návštevníkov značkových sieťových fastfoodov stále narastá, a to i bez toho, že by tieto reťazce nejako výraznejšie komunikovali. Dokonca tvrdia, že stále je na trhu miesto aj pre iné značky. 
610 2 0 |a reštaurácie 
610 2 0 |a zariadenia stravovacie 
610 2 0 |a reklama 
610 2 0 |a preferencie spotrebiteľské 
610 2 0 |a Slovensko 
100 1 |a Prekopová, Petra